LEADER 00919nam0-22003131i-450- 001 990001318260403321 010 $a3-7643-2571-2 035 $a000131826 035 $aFED01000131826 035 $a(Aleph)000131826FED01 035 $a000131826 100 $a20000920d1991----km-y0itay50------ba 101 0 $aeng 200 1 $aModern mathematical methods in transport theory$fWilliam Greenberg, Jacek Polewczak. 210 $aBasel$cBirkhauser$d1991 215 $aVIII, 327 p.$d24 cm 225 1 $aOperator theory, advances and applications$v51 610 0 $aProcessi di trasporto 676 $a530.138 702 1$aGreenberg,$bWilliam 702 1$aPolewczak,$bJacek 801 0$aIT$bUNINA$gRICA$2UNIMARC 901 $aBK 912 $a990001318260403321 952 $aC-5-(51$b8048$fMA1 959 $aMA1 996 $aModern mathematical methods in transport theory$9382487 997 $aUNINA DB $aING01 LEADER 01043nam2-2200301---450 001 990005715360403321 005 20251120103749.0 035 $a000571536 035 $aFED01000571536 035 $a(Aleph)000571536FED01 100 $a19990604d1902----km-y0itay50------ba 101 0 $aita$alat 105 $ayf------001yy 200 1 $a<<5.: Le >>pergamene di S. Nicola di Bari$eperiodo normanno, 1075-1194$fper Francesco Nitti Di Vito 210 $aBari$c[V. Vecchi]$d1902 215 $aXXX, 350 p.$c5 c. di tav. di cui 1 rip.$d31 cm 461 0$1001000571494$12001$aCodice diplomatico barese$fedito a cura della Commissione Provinciale di Archeologia e Storia Patria$v5 610 0 $aPuglia$aStoria$aFonti archivistiche$aSec. 11.-12. 676 $a945.751 676 $a091 702 1$aNitti,$bFrancesco$f 801 0$aIT$bUNINA$gRICA$2UNIMARC 901 $aBK 912 $a990005715360403321 952 $a7/III F 47$bbibl.18992$fFLFBC 959 $aFLFBC 996 $aPergamene di S. Nicola di Bari$9151057 997 $aUNINA